| 000 | 01072nam a2200301Ia 4500 | ||
|---|---|---|---|
| 001 | 1934 | ||
| 003 | IT-RoPAU | ||
| 008 | 130308s9999 xx 000 0 und d | ||
| 040 | _aIT-RoPAU | ||
| 040 | _cIT-RoPAU | ||
| 041 | _aITALIANO | ||
| 100 | _aFerrieri Enzo | ||
| 100 | _gCodice Aut. SPICS: 6688 | ||
| 245 | _aRegia teatrale (La) | ||
| 245 | _bRegia (La)-Volume I | ||
| 250 | _a1a ed. | ||
| 260 | _aTORINO | ||
| 260 | _bERI - Edizioni Rai | ||
| 260 | _c1955 [1° Ed.:1955 - Ed.Ling.Originale:1955] | ||
| 300 | _a"95 p. (prefazione: no ; testo: 95 [pagine: 51-146])" | ||
| 500 | _aTeatro Realistico Freie Buhne Andre' Antoine Teatro Verista in Italia Teatro d'arte di Mosca Craig Appia Meyerhold Tairov Vachtangov Teatro in Germania Reinhardt Espressionismo Brecht Piscator copeau Jouvet Dullin Baty Pitoeff Vilar Barrault comedie Francaise Balletti russi Teatri a Londra regia in Italia regia Sovietica | ||
| 650 | _aREGIA CINEMATOGRAFICA | ||
| 650 | _eCodice materia Spics: 6803 | ||
| 942 | _cBK | ||
| 957 | _71 | ||
| 999 |
_c51583 _d51583 |
||
| 999 | _bSI | ||
| 999 | _g1 | ||